[Event "GER-chT U10"]
[Site "Magdeburg"]
[Date "2013.12.28"]
[Round "3.1"]
[White "Trautmann, Leon"]
[Black "Tuente, Henning"]
[Result "0-1"]
[WhiteElo "868"]
[BlackElo "792"]
[PlyCount "52"]
[EventDate "2013.12.27"]
[EventType "team-swiss"]
[EventRounds "5"]
[EventCountry "GER"]
[SourceTitle "EXT 2015"]
[Source "ChessBase"]
[SourceDate "2014.11.20"]
[SourceVersion "1"]
[SourceVersionDate "2014.11.20"]
[SourceQuality "1"]
[WhiteTeam "Stadtilm Blau Weiss III"]
[BlackTeam "Magdeburg USC"]
[WhiteTeamCountry "GER"]
[BlackTeamCountry "GER"]

1. e4 e5 2. Nf3 Nf6 3. Nc3 Nc6 4. Bc4 Bc5 5. d3 h6 6. Be3 Bb6 7. Bb3 d6 8. h3 0-0 9. Qd2 Bxe3 10. fxe3 Be6 11. 0-0-0 Nb4 12. d4 c5 13. dxe5 dxe5 14. Nxe5 Qxd2+ 15. Rxd2 c4 16. Ba4 a6 17. Bd7 Rfe8 18. Bxe8 Rxe8 19. a3 Na2+ 20. Nxa2 Nxe4 21. Rd4 Bxh3 22. Rxh3 Rxe5 23. Rxc4 b5 24. Rc8+ Kh7 25. Rc7 Rf5 26. Rh4 Rf1# 0-1